From followers to leaders (Record no. 1228)

000 -LEADER
fixed length control field 00847nam a22002534a 4500
001 - CONTROL NUMBER
control field 1228
003 - CONTROL NUMBER IDENTIFIER
control field BD-DhUET
008 - FIXED-LENGTH DATA ELEMENTS--GENERAL INFORMATION
fixed length control field 010918s2002 enka b 001 0 eng
020 ## - INTERNATIONAL STANDARD BOOK NUMBER
International Standard Book Number 9780415251761
040 ## - CATALOGING SOURCE
Original cataloging agency DLC
Transcribing agency DLC
Modifying agency BD-DhUET
082 00 - DEWEY DECIMAL CLASSIFICATION NUMBER
Classification number 658.5
Item number FOR/2002
100 ## - MAIN ENTRY--PERSONAL NAME
Personal name Forbes, Naushad
245 10 - TITLE STATEMENT
Title From followers to leaders
Remainder of title managing technology and innovation in newly industrialized countries
250 ## - EDITION STATEMENT
Edition statement 1st ed.
260 ## - PUBLICATION, DISTRIBUTION, ETC. (IMPRINT)
Place of publication, distribution, etc. London
Name of publisher, distributor, etc. Routledge
Date of publication, distribution, etc. 2002
300 ## - PHYSICAL DESCRIPTION
Extent xiv, 214p.
Other physical details ill.
Dimensions 26 cm.
504 ## - BIBLIOGRAPHY, ETC. NOTE
Bibliography, etc Includes bibliographies
650 #0 - SUBJECT ADDED ENTRY--TOPICAL TERM
Topical term or geographic name as entry element Technology-Management
700 ## - ADDED ENTRY--PERSONAL NAME
Personal name Wield, David
856 41 - ELECTRONIC LOCATION AND ACCESS
Uniform Resource Identifier http://www.loc.gov/catdir/toc/fy041/2001048586.html
856 42 - ELECTRONIC LOCATION AND ACCESS
Uniform Resource Identifier http://www.loc.gov/catdir/enhancements/fy0650/2001048586-d.html
856 42 - ELECTRONIC LOCATION AND ACCESS
Uniform Resource Identifier http://www.loc.gov/catdir/enhancements/fy1102/2001048586-b.html
942 ## - ADDED ENTRY ELEMENTS (KOHA)
Koha item type General Book
Holdings
Lost status Piece designation (barcode) Koha normalized classification for sorting Price effective from Source of classification or shelving scheme Koha date last borrowed Damaged status Withdrawn status Not for loan Koha date last seen Copy number Koha item type Koha issues (times borrowed) Koha out on loan Koha renewals Location (home branch) Koha full call number Shelving location Date acquired Sublocation or collection (holding branch)
 107279658_000000000000000_5FOR20022014-09-01     2014-09-011General Book   Central Library, BUET658.5/FOR/2002Circulation section2014-09-01Central Library, BUET
 113611658_500000000000000_FOR_20022015-09-29 2016-04-06   2016-04-062General Book12025-11-301Central Library, BUET658.5/FOR/2002Circulation section2015-09-29Central Library, BUET
 107278658_500000000000000_FOR_20022017-05-15     2017-05-153General Book   Central Library, BUET658.5/FOR/2002Circulation section2009-07-29Central Library, BUET
 115365658_500000000000000_FOR_20022017-09-13     2017-09-134General Book   Central Library, BUET658.5/FOR/2002Circulation section2017-06-19Central Library, BUET
 115366658_500000000000000_FOR_20022017-09-13 2017-10-29   2017-10-295General Book12025-11-301Central Library, BUET658.5/FOR/2002Circulation section2017-06-19Central Library, BUET